Smart policing (smartCops) (Record no. 6678)

MARC details
000 -LEADER
fixed length control field 00529nam a22001937a 4500
003 - CONTROL NUMBER IDENTIFIER
control field OSt
005 - DATE AND TIME OF LATEST TRANSACTION
control field 20220107122857.0
008 - FIXED-LENGTH DATA ELEMENTS--GENERAL INFORMATION
fixed length control field 200106b xxu||||| |||| 00| 0 eng d
040 ## - CATALOGING SOURCE
Transcribing agency IIITMK
100 ## - MAIN ENTRY--PERSONAL NAME
Personal name Dili S (17650003)
9 (RLIN) 17414
245 ## - TITLE STATEMENT
Title Smart policing (smartCops)
300 ## - PHYSICAL DESCRIPTION
Extent PGDEG 2017-2018
502 ## - DISSERTATION NOTE
Degree type PGDEG
Name of granting institution 2017-2018
Year degree granted INT
-- Ajith Kumar R
650 ## - SUBJECT ADDED ENTRY--TOPICAL TERM
Topical term or geographic name entry element E-GOVERNANCE
9 (RLIN) 17416
650 ## - SUBJECT ADDED ENTRY--TOPICAL TERM
Topical term or geographic name entry element KERALA POLICE
9 (RLIN) 17417
650 ## - SUBJECT ADDED ENTRY--TOPICAL TERM
Topical term or geographic name entry element INFORMATION TECHNOLOGY
9 (RLIN) 17418
700 ## - ADDED ENTRY--PERSONAL NAME
Personal name Sujith S (17650011)
9 (RLIN) 17415
942 ## - ADDED ENTRY ELEMENTS (KOHA)
Source of classification or shelving scheme Dewey Decimal Classification
Koha item type
Holdings
Withdrawn status Lost status Source of classification or shelving scheme Damaged status Not for loan Collection code Home library Current library Shelving location Date acquired Total Checkouts Barcode Date last seen Price effective from Koha item type
    Dewey Decimal Classification     Non Fiction IIITM-K Kerala University of Digital Sciences, Innovation and Technology Knowledge Centre   06/01/2020   R-1590 06/01/2020 06/01/2020 Project Reports